মধ্যপ্রাচ্য, ইসলাম ও সমকালীন রাজনীতি /. (Record no. 66347)
[ view plain ]
| 000 -LEADER | |
|---|---|
| fixed length control field | 00941nam a2200229 a 4500 |
| 001 - CONTROL NUMBER | |
| control field | 66347 |
| 003 - CONTROL NUMBER IDENTIFIER | |
| rucl marc code | BD-RjUL |
| 005 - DATE AND TIME OF LATEST TRANSACTION | |
| control field | 20211209081528.0 |
| 008 - FIXED-LENGTH DATA ELEMENTS--GENERAL INFORMATION | |
| fixed length control field | 170315s1985 bg ||||| |||| 00| 0 ben d |
| 020 ## - INTERNATIONAL STANDARD BOOK NUMBER | |
| Terms of availability | :Tk. 25.00 |
| 035 ## - SYSTEM CONTROL NUMBER | |
| System control number | (BD-RjUL)66477 |
| 040 ## - CATALOGING SOURCE | |
| Original cataloging agency | BD-RjUL |
| Language of cataloging | ben |
| Transcribing agency | BD-RjUL |
| 041 ## - LANGUAGE CODE | |
| Language code of text/sound track or separate title | ben |
| 082 ## - DEWEY DECIMAL CLASSIFICATION NUMBER | |
| Edition number | 23 |
| Classification number | 320.956 |
| Author mark and year | SHM 1985 |
| 100 ## - MAIN ENTRY--PERSONAL NAME | |
| Personal name | শামসুদ্দিন, আবু জাফর |
| 9 (RLIN) | 193495 |
| 245 10 - TITLE STATEMENT | |
| Title | মধ্যপ্রাচ্য, ইসলাম ও সমকালীন রাজনীতি /. |
| Statement of responsibility, etc. | আবু জাফর শামসুদ্দিন |
| 260 ## - PUBLICATION, DISTRIBUTION, ETC. (IMPRINT) | |
| Place of publication, distribution, etc. | ঢাকা : |
| Name of publisher, distributor, etc. | জাতীয় সাহিত্য প্রকাশনী, |
| Date of publication, distribution, etc. | ১৯৮৫ |
| 300 ## - PHYSICAL DESCRIPTION | |
| Pagination | ৯২ পৃ. ; |
| Size | ১৮ সে. মি. |
| 650 ## - SUBJECT ADDED ENTRY--TOPICAL TERM | |
| Topical term or geographic name as entry element | রাজনৈতিক অবস্থা |
| 9 (RLIN) | 196357 |
| Geographic subdivision | মধ্যপ্রাচ্য |
| Topical term or geographic name as entry element | Politics and government |
| 9 (RLIN) | 196358 |
| Geographic subdivision | Middle East. |
| 942 ## - ADDED ENTRY ELEMENTS (KOHA) | |
| Source of classification or shelving scheme | Dewey Decimal Classification |
| Koha item type | Books |
| Lost status | Source of classification or shelving scheme | Damaged status | Not for loan | Collection code | Permanent Location | Current Location | Shelving location | Date acquired | Source of acquisition | Cost, normal purchase price | Total Checkouts | Full call number | Date last seen | Copy number | Koha item type |
|---|---|---|---|---|---|---|---|---|---|---|---|---|---|---|---|
| Dewey Decimal Classification | Not For Loan | Non-fiction | Central Library, University of Rajshahi | Central Library, University of Rajshahi | Reading Room | 10/07/1990 | Saukat Osman, Dhaka | 25.00 | B 320.956 SHM 1985 | 15/03/2017 | C-1 | Books |